H:lla alkavat Suomen kunnat - Statistics

Yleistilastot
  • Tätä visaa on pelattu 4 947 kertaa
  • Keskiarvotulos 16 / 23
Vastaustilastot
Maakunta Kunta % Oikein
Kanta-Häme Hämeenlinna
89%
Uusimaa Helsinki
88%
Päijät-Häme Heinola
83%
Kymenlaakso Hamina
82%
Päijät-Häme Hollola
81%
Uusimaa Hanko
79%
Kanta-Häme Hattula
75%
Uusimaa Hyvinkää
75%
Satakunta Huittinen
71%
Pohjois-Pohjanmaa Haapavesi
68%
Pohjois-Karjala Heinävesi
68%
Pohjois-Pohjanmaa Haapajärvi
67%
Päijät-Häme Hartola
65%
Kanta-Häme Humppila
65%
Kainuu Hyrynsalmi
65%
Pirkanmaa Hämeenkyrö
64%
Keski-Suomi Hankasalmi
62%
Satakunta Harjavalta
62%
Keski-Pohjanmaa Halsua
61%
Etelä-Savo Hirvensalmi
59%
Kanta-Häme Hausjärvi
57%
Ahvenanmaa Hammarland
56%
Pohjois-Pohjanmaa Hailuoto
51%
Ehtoja vastaavia visoja ei löytynyt
Tulosjakauma
Jokaisen tuloksen saaneiden osuus
Persentiili vastausten määrän mukaan
Tuloshistoriasi
Et ole pelannut tätä visaa